დრამები (ბიბ.ჩანაწერი № 58744)
[ მარტივი ფორმატი ]
| 000 -LEADER | |
|---|---|
| fixed length control field | 00764nam a2200229Ia 4500 |
| 001 - CONTROL NUMBER | |
| control field | 23177 |
| 003 - CONTROL NUMBER IDENTIFIER | |
| control field | GE_BSU |
| 005 - DATE AND TIME OF LATEST TRANSACTION | |
| control field | 20220712174600.0 |
| 008 - FIXED-LENGTH DATA ELEMENTS--GENERAL INFORMATION | |
| fixed length control field | 181216s||||||||xx |||||||||||||| ||und|| |
| 040 ## - CATALOGING SOURCE | |
| Transcribing agency | GE_BSU |
| 080 ## - UNIVERSAL DECIMAL CLASSIFICATION NUMBER | |
| Universal Decimal Classification number | 821.112.2-2 |
| 100 ## - MAIN ENTRY--PERSONAL NAME | |
| Personal name | გოეთე, იოჰან ვოლფგანგ |
| 9 (RLIN) | 12332 |
| 245 ## - TITLE STATEMENT | |
| Title | დრამები |
| 245 ## - TITLE STATEMENT | |
| Statement of responsibility, etc. | თარგმ. გერ. და შენიშვნები ვ. ბეწუკელისა. რედ. ლ. იმერლიშვილი |
| 260 ## - PUBLICATION, DISTRIBUTION, ETC. | |
| Place of publication, distribution, etc. | თბილისი |
| 260 ## - PUBLICATION, DISTRIBUTION, ETC. | |
| Name of publisher, distributor, etc. | საბჭ. საქართველო |
| 260 ## - PUBLICATION, DISTRIBUTION, ETC. | |
| Date of publication, distribution, etc. | 1969 |
| 300 ## - PHYSICAL DESCRIPTION | |
| Extent | 707გვ. ; 20სმ.. |
| 653 ## - INDEX TERM--UNCONTROLLED | |
| Uncontrolled term | დრამები |
| 942 ## - ADDED ENTRY ELEMENTS (KOHA) | |
| Koha item type | წიგნი |
| Source of classification or shelving scheme | |
არაა ხელმისაწვდომი ეგზემპლარები.
